Etoh - Ring 1: Limbo - Statistics

General Stats
  • This quiz has been taken 36 times
  • The average score is 14 of 15
Answer Stats
Difficulty Answer % Correct
1.50 Tower of Anger
100%
1.25 Tower of A Simple Time
100%
2.12 Tower of Madness
100%
6.50 Citadel of Laptop Splitting
95%
1.11 Not Even A Tower
95%
3.30 Tower of Hecc
95%
6.01 Tower of Impossible Expectations
95%
8.05 Thanos Tower
90%
3.47 Tower of Killjoys
90%
2.80 Tower of Noticeable Infuriation
90%
5.20 Tower of Screen Punching
90%
4.88 Tower of Stress
90%
4.10 Tower of Keyboard Yeeting
85%
5.58 Tower of Rage
85%
7.09 Tower of True Skill
85%
No matching quizzes found
Score Distribution
Percent of People with Each Score
Percentile by Number Answered
Your Score History
You have not taken this quiz